| 000 | 01166nmm a2200337 a 4500 | ||
|---|---|---|---|
| 001 | ocm0001864869 | ||
| 003 | TR-IsHL | ||
| 005 | 20201028172557.0 | ||
| 008 | 180519s2012 tu tur | ||
| 007 | cr cn | ||
| 020 | _a9786055729288 | ||
| 035 |
_a1864869 _b(N$T) |
||
| 050 | 0 | 4 |
_aDR435.A7 _bS2756 2012 |
| 090 | 0 | 4 |
_aDR435.A7 _bS2756 2012 |
| 100 | 1 | _aSarınay, Yusuf | |
| 245 | 1 | 0 |
_a24 Nisan 1915'te ne oldu? Ermeni sevk ve iskanının perde arkası _h[electronic resource] / _cYusuf Sarınay ; editör Hüseyin Cengiz |
| 260 |
_aİstanbul : _bİdeal Kültür Yayıncılık, _c2012 |
||
| 300 | _a352 p. | ||
| 500 |
_aKaynakça var. _x |
||
| 650 | 4 | _aTarih | |
| 650 | 4 | _aHistory | |
| 650 | 0 |
_aErmeniler _x Türkiye _x Tarih |
|
| 650 | 0 |
_aArmenians _x Turkey _x History |
|
| 650 | 0 |
_aErmeniler _x Tarih _x 20. yüzyıl |
|
| 650 | 0 |
_aArmenians _x History _x 20th century |
|
| 650 | 0 | _aErmeni sorunu | |
| 650 | 0 | _aArmenian question | |
| 650 | 7 |
_aHISTORY / Middle East / Turkey & Ottoman Empire _2bisacsh |
|
| 700 | 1 | _aCengiz, Hüseyin | |
| 856 | 4 | 0 | _uhttp://search.ebscohost.com/login.aspx?direct=true&scope=site&db=e011xww&AN=1864869 |
| 999 |
_c17269 _d17269 |
||